000 00703nam a2200205Ia 4500
003 LDD
008 190117s9999 xx 000 0 und d
020 _a8181431138
_c₹200
040 _cLDD
041 _ahi
082 _a8H3.7 लि5916द
100 _aलिंबाले, शरणकुमार
245 0 _aदलित ब्राहाण
_cशरणकुमार लिंबाले
246 _a Dalit brahman
260 _aनयी दिल्ली
_bवाणी प्रकाशन
_c2004
300 _a125
901 _aVANI
904 _aReqst by : हिंन्दी विभाग
942 _2ddc
_cH
999 _c169092
_d169092